Guess the American football player. - Statistics

General Stats
  • This quiz has been taken 25 times
  • The average score is 12 of 16
Answer Stats
Picture Answer % Correct
George Pickens
100%
Ceedee Lamb
89%
Cj Stroud
84%
Dk Metcalf
84%
Drake Maye
84%
Julio Jones
84%
Lamar Jackson
84%
Sam Darnold
84%
Tyreek Hill
84%
Christian Mccaffrey
79%
Stefon Diggs
79%
Tua
79%
Myles Garrett
74%
Trent Mcduffie
63%
Mason Rudolph
58%
Saquon Barkely
32%
No matching quizzes found
Score Distribution
Percent of People with Each Score
Percentile by Number Answered
Your Score History
You have not taken this quiz